书目信息 |
| 题名: |
施工临时用电安全便携手册
|
|
| 作者: | 吕方泉 主编 | |
| 分册: | ||
| 出版信息: | 北京 中国计划出版社 2007.05 |
|
| 页数: | 299页 | |
| 开本: | 21cm | |
| 丛书名: | 建设工程安全管理系列丛书 | |
| 单 册: | ||
| 中图分类: | TU713.3-62 | |
| 科图分类: | ||
| 主题词: | 建筑工程--jian zhu gong cheng--施工现场--用电管理--安全技术--手册 | |
| 电子资源: | ||
| ISBN: | 978-7-80177-897-0 | |
| 000 | 01038nam 2200265 450 | |
| 001 | 012007349425 | |
| 005 | 20070929162120.71 | |
| 010 | @a978-7-80177-897-0@dCNY20.00 | |
| 100 | @a20070809d2007 km y0chiy0120 ea | |
| 101 | 0 | @achi |
| 102 | @aCN@b110000 | |
| 105 | @aa a 000yy | |
| 200 | 1 | @a施工临时用电安全便携手册@Ashi gong lin shi yong dian an quan bian xie shou ce@f本书编委会编@Fben shu bian wei hui bian |
| 210 | @a北京@c中国计划出版社@d2007.05 | |
| 215 | @a299页@c图@d21cm | |
| 225 | 2 | @a建设工程安全管理系列丛书@Ajian she gong cheng an quan guan li xi lie cong shu |
| 314 | @a责任者取自书中。 | |
| 320 | @a有书目。 | |
| 330 | @a本书针对建筑施工现场临时用电的特点,对建筑施工现场临时用电的电气安全、施工临时用电安全管理,外电线路及电气设备安全防护等内容进行了介绍。 | |
| 410 | 0 | @12001 @a建设工程安全管理系列丛书 |
| 606 | 0 | @a建筑工程@Ajian zhu gong cheng@x施工现场@x用电管理@x安全技术@j手册 |
| 690 | @aTU713.3-62@v4 | |
| 701 | 0 | @a吕方泉@Alu fang quan@4主编 |
| 801 | 0 | @aCN@c20070929 |
| 905 | @dTU713.3-62@eL891 | |
| 施工临时用电安全便携手册/本书编委会编.-北京:中国计划出版社,2007.05 |
| 299页:图;21cm.-(建设工程安全管理系列丛书) |
| ISBN 978-7-80177-897-0:CNY20.00 |
| 本书针对建筑施工现场临时用电的特点,对建筑施工现场临时用电的电气安全、施工临时用电安全管理,外电线路及电气设备安全防护等内容进行了介绍。 |
| ● |
| 相关链接 |
|
|
|
正题名:施工临时用电安全便携手册
索取号:TU713.3-62/L891
 
预约/预借
| 序号 | 登录号 | 条形码 | 馆藏地/架位号 | 状态 | 备注 |
| 1 | 256847 | 202568471 | 建筑库201/201建筑库 25排2列2层/ [索取号:TU713.3-62/L891] | 在馆 | |
| 2 | 256848 | 202568480 | 建筑库201/201建筑库 25排2列2层/ [索取号:TU713.3-62/L891] | 在馆 | |
| 3 | 256849 | 202568499 | 建筑库201/201建筑库 25排2列2层/ [索取号:TU713.3-62/L891] | 在馆 |